| 000 | 00400nam a2200121 4500 | ||
|---|---|---|---|
| 999 |
_c10543 _d10543 |
||
| 008 | 180905b ||||| |||| 00| 0 eng d | ||
| 100 |
_930914 _aAbadilla, Emmie V. |
||
| 245 |
_a1.5 cyber security professionals needed by 2010 as demand grows/ _cEmmie V. Abadilla |
||
| 260 |
_aPhilippines _bManila Bulletin _cc2017 |
||
| 300 | _apage B-9. | ||
| 650 | 0 |
_930915 _aInformation technology. |
|
| 942 |
_2ddc _cPER |
||